[Event "OP-2011-0-01605"]
[Site "LSS email"]
[Date "2011.06.19"]
[Round "?"]
[White "Basson, Heinrich"]
[Black "Gasic, Radovan"]
[Result "1/2-1/2"]
[WhiteElo "1318"]
[BlackElo "800"]
[PlyCount "41"]
[EventDate "2011.06.17"]
[EventType "tourn (corr)"]
[EventRounds "4"]
[EventCountry "GER"]
[SourceTitle "Telechess CBM 145"]
[Source "Chessbase"]
[SourceDate "2011.11.11"]
[SourceVersion "1"]
[SourceVersionDate "2011.11.11"]
[SourceQuality "1"]

1. d4 Nf6 2. c4 e6 3. Nc3 Bb4 4. a3 Bxc3+ 5. bxc3 c5 6. Nf3 Nc6 7. Qd3 d6 8. e3 0-0 9. Be2 e5 10. e4 h6 11. d5 Ne7 12. Nh4 Nh7 13. Qg3 g5 14. Rb1 b6 15. Nf5 Nxf5 16. exf5 Bxf5 17. Rb2 Bg6 18. h4 f5 19. hxg5 hxg5 20. Qh3 Qf6 21. g3 1/2-1/2

[Event "OP-2011-0-01605"]
[Site "LSS email"]
[Date "2011.06.19"]
[Round "?"]
[White "Gasic, Radovan"]
[Black "Hammerschmidt, Volker"]
[Result "1/2-1/2"]
[WhiteElo "800"]
[BlackElo "1469"]
[PlyCount "72"]
[EventDate "2011.06.17"]
[EventType "tourn (corr)"]
[EventRounds "4"]
[EventCountry "GER"]
[SourceTitle "Telechess CBM 145"]
[Source "Chessbase"]
[SourceDate "2011.11.11"]
[SourceVersion "1"]
[SourceVersionDate "2011.11.11"]
[SourceQuality "1"]

1. e4 e5 2. Nf3 Nf6 3. d4 Nxe4 4. Bd3 d5 5. Nxe5 Nd7 6. Nxd7 Bxd7 7. 0-0 Be7 8. Re1 Nf6 9. Qf3 0-0 10. Bf4 Re8 11. Nd2 Qc8 12. Bg5 Bg4 13. Qg3 Nh5 14. Qe5 Bxg5 15. Qxg5 Rxe1+ 16. Rxe1 Nf6 17. h3 Bd7 18. Nf3 b6 19. Ne5 c5 20. c3 cxd4 21. cxd4 Qc7 22. Rc1 Qd6 23. a3 Rc8 24. Rxc8+ Bxc8 25. Qc1 Bd7 26. b4 h6 27. Qc2 Ne8 28. Nxd7 Qxd7 29. Qe2 Nc7 30. Qe5 f6 31. Qh5 Nb5 32. Bxb5 Qxb5 33. Qf5 Qc4 34. Qe6+ Kf8 35. Qd6+ Kg8 36. Qe6+ Kf8 1/2-1/2